00573nam a22001577a 450000500170000000800410001702000290005804100130008708200150010010000130011524501580012825000190028626000540030530000310035965000250039020231128124839.0231128b |||||||| |||| 00| 0 eng d a9041108513 ; 1853330965  aEnglish  a340.1 INT  lEnglish  aLaw Without Frontiers : bA Comparative Survey of the Rules of Professional Ethics Applicable to the Cross-Border Practice of Law / cedited by E Godfrey aFirst Edition  aLondon : bInternational Bar Association, c1995  bxii, 378 pages ; c25 cm.  aLegal practice bLaw